Missing Word: Movie Words Ending in 'T' Quiz Stats

 Plays Quiz Updated Aug 18, 2016

Challenge
Share
Tweet
Embed
Score 0/20 Timer 04:00
0 Plays Today
Hint Missing Word % Correct
The _____ GatsbyGreat
98.7%
_____ GumpForrest
98.4%
Schindler's _____List
98.3%
One Flew Over the Cuckoo's _____Nest
97.8%
21 Jump _____Street
97.3%
Some Like It _____Hot
97.2%
The Dark _____Knight
95.3%
Full Metal _____Jacket
94.9%
North by _____ Northwest
91.3%
_____ Outta ComptonStraight
85.1%
Hint Missing Word % Correct
Gorillas in the _____Mist
84%
The Grand _____ HotelBudapest
83.6%
The Kids Are All _____Right
79.9%
_____ Blvd.Sunset
78.6%
_____ a BoyAbout
77.9%
Terminator 2: _____ DayJudgment
74.2%
On the _____Waterfront
72%
_____ RiderGhost
69.2%
Once Upon a Time in the _____West
67.8%
The _____ ManElephant
30.3%

Today's Daily Dose

You're not logged in!

Compare scores with friends on all Sporcle quizzes.
Join for Free
OR
Log In

You Might Also Like...

Show Comments

Extras

Top Quizzes Today


Score Distribution

Your Account Isn't Verified!

In order to create a playlist on Sporcle, you need to verify the email address you used during registration. Go to your Sporcle Settings to finish the process.

Report this User

Report this user for behavior that violates our Community Guidelines.

Details: